Communes du Morbihan - Statistiques

Statistiques générales
  • Ce quiz a été pris 25 fois
  • Le résultat moyen est 54 sur 249
Statistiques - réponses
Communes % Correct
Lorient
91%
Vannes
91%
Pontivy
83%
Auray
74%
Quiberon
70%
Ploërmel
65%
Carnac
61%
Hennebont
57%
Lanester
57%
La Trinité-sur-Mer
57%
Questembert
57%
Le Saint
52%
Josselin
48%
Locmaria
48%
Arzon
43%
Groix
43%
Ploemeur
43%
Sarzeau
43%
Arradon
39%
Guidel
39%
Le Palais
39%
Ploeren
39%
Surzur
39%
Baden
35%
Caudan
35%
Elven
35%
Etel
35%
Ile-d'Arz
35%
Larmor-Plage
35%
La Roche-Bernard
35%
La Trinité-Surzur
35%
Nivillac
35%
Péaule
35%
Port-Louis
35%
Saint-Avé
35%
Sainte-Anne-d'Auray
35%
Séné
35%
Theix-Noyalo
35%
Arzal
30%
Crach
30%
Erdeven
30%
Gâvres
30%
Hoedic
30%
Ile-aux-Moines
30%
La Gacilly
30%
Languidic
30%
Larmor-Baden
30%
Locmariaquer
30%
Malestroit
30%
Monterblanc
30%
Muzillac
30%
Plouay
30%
Riantec
30%
Rochefort-en-Terre
30%
Saint-Armel
30%
Saint-Nolff
30%
Saint-Philibert
30%
Allaire
26%
Ambon
26%
Baud
26%
Belz
26%
Berric
26%
Brech
26%
Cléguer
26%
Damgan
26%
Grand-Champ
26%
Guer
26%
Kervignac
26%
Le Hézo
26%
Locminé
26%
Locmiquélic
26%
Malansac
26%
Mauron
26%
Noyal-Pontivy
26%
Plescop
26%
Plumergat
26%
Pont-Scorff
26%
Saint-Pierre-Quiberon
26%
Sérent
26%
Sulniac
26%
Beignon
22%
Billiers
22%
Bohal
22%
Carentoir
22%
Colpo
22%
Gestel
22%
Ile-d'Houat
22%
Inzinzac-Lochrist
22%
Landaul
22%
Le Bono
22%
Le Guerno
22%
Locqueltas
22%
Marzan
22%
Merlevenez
22%
Meucon
22%
Missiriac
22%
Nostang
22%
Noyal-Muzillac
22%
Pénestin
22%
Ploemel
22%
Plouhinec
22%
Plumelec
22%
Plumelin
22%
Pluneret
22%
Pluvigner
22%
Quéven
22%
Quistinic
22%
Sainte-Hélène
22%
Sauzon
22%
Taupont
22%
Augan
17%
Bangor
17%
Brandivy
17%
Cléguérec
17%
Crédin
17%
Guégon
17%
Guéhenno
17%
Guern
17%
Guillac
17%
Guilliers
17%
La Chapelle-Neuve
17%
Landévant
17%
La Trinité-Porhoët
17%
Lauzach
17%
La Vraie-Croix
17%
Le Cours
17%
Le Faouët
17%
Le Tour-du-Parc
17%
Limerzel
17%
Locmaria-Grand-Champ
17%
Locoal-Mendon
17%
Loyat
17%
Malguénac
17%
Mohon
17%
Molac
17%
Moréac
17%
Néant-sur-Yvel
17%
Peillac
17%
Plougoumelen
17%
Plouharnel
17%
Pluherlin
17%
Pluméliau-Bieuzy
17%
Rohan
17%
Ruffiac
17%
Saint-Gildas-de-Rhuys
17%
Saint-Jean-Brévelay
17%
Saint-Marcel
17%
Saint-Vincent-sur-Oust
17%
Trédion
17%
Béganne
13%
Bignan
13%
Billio
13%
Brandérion
13%
Bréhan
13%
Bubry
13%
Buléon
13%
Caden
13%
Camoël
13%
Camors
13%
Caro
13%
Concoret
13%
Cruguel
13%
Férel
13%
Forges de Lanouée
13%
Gourin
13%
Guémené-sur-Scorff
13%
Guénin
13%
Guiscriff
13%
Inguiniel
13%
Langonnet
13%
Lanvénégen
13%
Larré
13%
Lignol
13%
Lizio
13%
Melrand
13%
Ménéac
13%
Meslan
13%
Montertelot
13%
Moustoir-Ac
13%
Neulliac
13%
Pleucadeuc
13%
Pleugriffet
13%
Ploërdut
13%
Plouray
13%
Priziac
13%
Radenac
13%
Réguiny
13%
Réminiac
13%
Rieux
13%
Saint-Abraham
13%
Saint-Allouestre
13%
Saint-Barthélemy
13%
Saint-Brieuc-de-Mauron
13%
Saint-Congard
13%
Saint-Gonnery
13%
Saint-Gravé
13%
Saint-Guyomard
13%
Saint-Jacut-les-Pins
13%
Saint-Laurent-sur-Oust
13%
Saint-Malo-de-Beignon
13%
Saint-Martin-sur-Oust
13%
Saint-Servant
13%
Saint-Thuriau
13%
Treffléan
13%
Tréhorenteuc
13%
Val d'Oust
13%
Berné
9%
Brignac
9%
Calan
9%
Cournon
9%
Evellys
9%
Evriguet
9%
Gourhel
9%
Gueltas
9%
Helléan
9%
Kerfourn
9%
Kergrist
9%
Kernascléden
9%
La Croix-Helléan
9%
La Grée-Saint-Laurent
9%
Langoëlan
9%
Lantillac
9%
Lanvaudan
9%
Le Croisty
9%
Les Fougerêts
9%
Le Sourn
9%
Locmalo
9%
Monteneuf
9%
Persquen
9%
Plaudren
9%
Porcaro
9%
Roudouallec
9%
Saint-Aignan
9%
Saint-Dolay
9%
Sainte-Brigitte
9%
Saint-Gorgon
9%
Saint-Jean-la-Poterie
9%
Saint-Léry
9%
Saint-Malo-des-Trois-Fontaines
9%
Saint-Perreux
9%
Saint-Tugdual
9%
Séglien
9%
Silfiac
9%
Théhillac
9%
Tréal
9%
Saint-Caradec-Trégomel
4%
Saint-Gérand-Croixanvec
4%
Saint-Nicolas-du-Tertre
4%
Camprénéac
0%
Aucun quiz correspondant
Distribution des résultats
% des personnes avec chaque résultat
Percentile par nombre de réponses
Votre historique - résultats
Vous n’avez pas pris ce quiz